| 000 | 00892nam a2200289Ia 4500 | ||
|---|---|---|---|
| 001 | Para_3367 | ||
| 003 | CHAP | ||
| 008 | 220125s1945 xx 000 0 und d | ||
| 010 | _a201956 | ||
| 040 | _cCHAP | ||
| 082 | _aPA-C 338.17 A68 | ||
| 100 |
_aQuintero, Miguel _993448 |
||
| 245 |
_aLa erosión del suelo / _c Miguel Quintero, Eduardo Terra Orocena y Daniel Rey Vercesi |
||
| 260 |
_a: _b |
||
| 300 | _a10 h. | ||
| 500 | _aSobretiro de la Chacra, 1945. Encuadernado con: Apuntes de la clase de lecheria y laboratorio/César A. Rivera | ||
| 650 |
_aErosión Suelos _x Degradación _9166930 |
||
| 700 |
_aRey Vercesi, Daniel _996726 |
||
| 700 |
_aTerraprocena, Eduardo _9112391 |
||
| 901 | _aPA-C 338.17 A68 | ||
| 902 | _aA | ||
| 905 | _a0000001945 0000000000 00 | ||
| 910 | _a1945 | ||
| 942 | _cPARA | ||
| 942 |
_cPARA _d1 |
||
| 999 |
_c201956 _d201956 |
||